[Event "Karlsruhe Grenke op"]
[Site "Karlsruhe"]
[Date "2025.04.19"]
[Round "5"]
[White "Faerber, David"]
[Black "Neukirchner, Pascal"]
[Result "1-0"]
[WhiteElo "2398"]
[BlackElo "2245"]
[PlyCount "133"]
[EventDate "2025.04.17"]
[EventType "swiss"]
[EventRounds "9"]
[EventCountry "GER"]
[SourceTitle "CB17_2025"]
[SourceDate "2025.04.23"]
[SourceVersion "1"]
[SourceVersionDate "2025.04.23"]
[SourceQuality "1"]

1. e4 c5 2. c3 d5 3. exd5 Qxd5 4. d4 g6 5. Nf3 Bg7 6. Nbd2 cxd4 7. Bc4 Qc5 8. Qb3 Nh6 9. Ne4 Qb6 10. Nxd4 0-0 11. 0-0 Nf5 12. Nxf5 Bxf5 13. Ng3 Bd7 14. Re1 Qxb3 15. axb3 b5 16. Bf1 b4 17. cxb4 Nc6 18. b5 Nd4 19. Rxe7 Nxb3 20. Ra3 Nxc1 21. Rxd7 Rfe8 22. Raxa7 Rxa7 23. Rxa7 Bd4 24. Rd7 Bb6 25. Rd6 Ba5 26. b6 Nb3 27. Rd5 Bxb6 28. Rd1 Rc8 29. Rd3 Nc5 30. Rd6 Ba5 31. h3 Nb3 32. Rd5 Rc2 33. Rb5 Rxb2 34. Bc4 Rb1+ 35. Kh2 Nd2 36. Bxf7+ Kxf7 37. Rxa5 Nf1+ 38. Nxf1 Rxf1 39. Ra7+ Kf6 40. Kg3 h5 41. Ra6+ Kf5 42. h4 Rb1 43. Ra3 Rb4 44. Rf3+ Ke5 45. Rf8 Rg4+ 46. Kh3 Ra4 47. f3 Ke6 48. Kg3 Ke5 49. Kh3 Ke6 50. g3 Rb4 51. Rf4 Rb8 52. g4 Ke5 53. Kg3 Rb6 54. g5 Ra6 55. Rf8 Rb6 56. f4+ Ke4 57. Re8+ Kd5 58. Kf3 Rb3+ 59. Re3 Rb6 60. f5 gxf5 61. Kf4 Rb4+ 62. Kxf5 Rxh4 63. g6 Rh1 64. g7 Rf1+ 65. Kg6 Kd4 66. Rg3 h4 67. Rg4+ 1-0

[Event "Heusenstamm Sparkassen op 11th"]
[Site "Heusenstamm"]
[Date "2024.11.23"]
[Round "5"]
[White "Capelja, Christian"]
[Black "Neukirchner, Pascal"]
[Result "1-0"]
[WhiteElo "2023"]
[BlackElo "2255"]
[PlyCount "111"]
[EventDate "2024.11.21"]
[EventType "swiss"]
[EventRounds "7"]
[EventCountry "GER"]
[SourceTitle "CB51_2024"]
[SourceDate "2024.12.18"]
[SourceVersion "1"]
[SourceVersionDate "2024.12.18"]
[SourceQuality "1"]

1. d4 Nf6 2. Nf3 g6 3. g3 Bg7 4. Bg2 0-0 5. 0-0 d6 6. c4 Nbd7 7. Nc3 e5 8. dxe5 dxe5 9. Qc2 c6 10. b3 Qe7 11. a4 Nc5 12. Ba3 Re8 13. Nd2 e4 14. Ndxe4 Nfxe4 15. Nxe4 Bxa1 16. Bxc5 Qe5 17. f4 Qg7 18. Qd1 Bb2 19. Nd6 Rd8 20. e4 Bf6 21. e5 Be7 22. Qe2 Qf8 23. Ba3 Rxd6 24. Bxd6 Bxd6 25. exd6 Qxd6 26. Rd1 Qc5+ 27. Qf2 Qxf2+ 28. Kxf2 Be6 29. a5 Rb8 30. Rd3 c5 31. Bd5 Bf5 32. Re3 Kf8 33. b4 cxb4 34. Rb3 Ke7 35. Rxb4 Be6 36. Ke3 Bxd5 37. cxd5 Kd6 38. Kd4 f5 39. Rb2 b6 40. Rc2 b5 41. Rc6+ Kd7 42. Ra6 Rb7 43. Kc3 b4+ 44. Kb3 Kd8 45. h4 Ke8 46. Re6+ Kd7 47. h5 gxh5 48. Rh6 Rb5 49. Rxh7+ Kd6 50. Rxa7 Kxd5 51. Re7 Rb8 52. Re5+ Kd6 53. Rxf5 h4 54. gxh4 Ke6 55. Re5+ Kf6 56. a6 1-0

[Event "Heusenstamm Sparkassen op 11th"]
[Site "Heusenstamm"]
[Date "2024.11.23"]
[Round "4"]
[White "Neukirchner, Pascal"]
[Black "Leibbrand, Udo Manfred"]
[Result "1-0"]
[WhiteElo "2255"]
[BlackElo "2024"]
[PlyCount "43"]
[EventDate "2024.11.21"]
[EventType "swiss"]
[EventRounds "7"]
[EventCountry "GER"]
[SourceTitle "CB51_2024"]
[SourceDate "2024.12.18"]
[SourceVersion "1"]
[SourceVersionDate "2024.12.18"]
[SourceQuality "1"]

1. d4 Nf6 2. c4 c6 3. Nf3 d5 4. g3 g6 5. Bg2 Bg7 6. 0-0 0-0 7. Ne5 b6 8. Nc3 Bb7 9. Qb3 e6 10. Rd1 Nbd7 11. Bf4 Qe7 12. Nxd7 Nxd7 13. e4 Bxd4 14. exd5 Nc5 15. Qc2 Qf6 16. dxc6 Ba6 17. Rac1 Rac8 18. b4 Bxc3 19. Qxc3 Qxc3 20. Rxc3 Na4 21. Ra3 b5 22. Rxa4 1-0

[Event "Heusenstamm Sparkassen op 11th"]
[Site "Heusenstamm"]
[Date "2024.11.22"]
[Round "2"]
[White "Neukirchner, Pascal"]
[Black "Jansen, Malte"]
[Result "1-0"]
[WhiteElo "2255"]
[BlackElo "1863"]
[PlyCount "65"]
[EventDate "2024.11.21"]
[EventType "swiss"]
[EventRounds "7"]
[EventCountry "GER"]
[SourceTitle "CB51_2024"]
[SourceDate "2024.12.18"]
[SourceVersion "1"]
[SourceVersionDate "2024.12.18"]
[SourceQuality "1"]

1. Nf3 Nf6 2. g3 d5 3. Bg2 e6 4. 0-0 c5 5. c4 Nc6 6. cxd5 exd5 7. d4 Be7 8. dxc5 Bxc5 9. a3 0-0 10. b4 Be7 11. Nc3 b6 12. Bb2 Bb7 13. Qb3 Qc8 14. Rac1 Rd8 15. Rfd1 Qe6 16. e3 h6 17. Ne2 a5 18. Nf4 Qd6 19. Bxf6 Bxf6 20. Nxd5 Qe6 21. Nxf6+ Qxf6 22. Nd2 axb4 23. axb4 Rab8 24. Nc4 Rxd1+ 25. Rxd1 Nd8 26. Bxb7 Nxb7 27. Rd7 Qe6 28. Qd3 Ra8 29. Qd4 b5 30. Ne5 f6 31. Ng6 Ra1+ 32. Qxa1 Qxd7 33. Qa2+ 1-0

[Event "Prague Summer op"]
[Site "Prague"]
[Date "2024.08.04"]
[Round "4"]
[White "Zerafa, Robert"]
[Black "Neukirchner, Pascal"]
[Result "0-1"]
[WhiteElo "2068"]
[BlackElo "2261"]
[PlyCount "198"]
[EventDate "2024.08.02"]
[EventType "swiss"]
[EventRounds "9"]
[EventCountry "CZE"]
[SourceTitle "CBM 221 Extra"]
[Source "ChessBase"]
[SourceDate "2024.09.30"]
[SourceVersion "1"]
[SourceVersionDate "2024.09.30"]
[SourceQuality "1"]

1. Nf3 c5 2. g3 g6 3. Bg2 Bg7 4. d4 cxd4 5. Nxd4 Nc6 6. Nb3 d6 7. 0-0 Nf6 8. Nc3 0-0 9. h3 Bd7 10. e4 Rc8 11. Nd5 Nxd5 12. exd5 Ne5 13. Nd4 Qb6 14. c3 Qc5 15. Re1 Rfe8 16. Qe2 Qc4 17. Qe4 Qd3 18. Qh4 Bf6 19. Bg5 Bxg5 20. Qxg5 f6 21. Qh6 Nf7 22. Qh4 Qd2 23. Re2 Qg5 24. Qe4 f5 25. Qc2 f4 26. Kh2 Ne5 27. Nf3 Nxf3+ 28. Bxf3 Rf8 29. Qe4 Bb5 30. Qe6+ Kh8 31. Re4 fxg3+ 32. fxg3 Qd2+ 33. Bg2 Qxb2 34. Rg1 Qxc3 35. a4 Bc4 36. Qxe7 Bxd5 37. Rh4 Rf7 38. Qxd6 Bxg2 39. Rxg2 Qg7 40. Rd4 Rcf8 41. Rd1 Rf2 42. Qc5 Rxg2+ 43. Kxg2 Qf6 44. Rd2 a6 45. a5 Rf7 46. h4 Kg7 47. Kh2 h5 48. Re2 Qf5 49. Qc3+ Kh7 50. Rd2 Qf1 51. Rg2 Qb5 52. Rb2 Qf1 53. Rg2 Re7 54. Rb2 Qa1 55. Qb4 Rf7 56. Re2 Qf6 57. Rd2 Qc6 58. Qd4 Qc7 59. Qb4 Rf3 60. Rg2 Re3 61. Qf8 Qe7 62. Qb8 Re5 63. Rc2 Re2+ 64. Rxe2 Qxe2+ 65. Kh3 Qe6+ 66. Kg2 Qd5+ 67. Kf2 Qxa5 68. Qxb7+ Kh6 69. Qb2 Qc5+ 70. Kg2 Qd5+ 71. Kh2 Kh7 72. Qf6 Qb7 73. Qe5 Qa7 74. Qa5 Qf2+ 75. Kh1 Qxg3 76. Qxa6 Qxh4+ 77. Kg2 Qg4+ 78. Kh2 Qf4+ 79. Kg2 h4 80. Qb7+ Kh6 81. Qb2 Qg3+ 82. Kh1 Qf3+ 83. Kh2 Kh5 84. Qe5+ Kg4 85. Qe6+ Qf5 86. Qe2+ Kg5 87. Qe7+ Kh5 88. Qe2+ Kh6 89. Qe3+ g5 90. Qb6+ Kh5 91. Qd8 Qf2+ 92. Kh1 Qf3+ 93. Kh2 Qe2+ 94. Kh1 Qe1+ 95. Kh2 Qe5+ 96. Kh1 h3 97. Qd3 Qe1+ 98. Kh2 Qf2+ 99. Kxh3 g4# 0-1

[Event "Staufer op 34th"]
[Site "Schwaebisch Gmuend"]
[Date "2024.01.06"]
[Round "9"]
[White "Neukirchner, Pascal"]
[Black "Reller, Ole"]
[Result "1/2-1/2"]
[WhiteElo "2263"]
[BlackElo "2064"]
[PlyCount "119"]
[EventDate "2024.01.02"]
[EventType "swiss"]
[EventRounds "9"]
[EventCountry "GER"]
[SourceTitle "CBM 218 Extra"]
[Source "ChessBase"]
[SourceDate "2024.03.31"]
[SourceVersion "1"]
[SourceVersionDate "2024.03.31"]
[SourceQuality "1"]

1. Nf3 Nf6 2. g3 d5 3. Bg2 c5 4. 0-0 g6 5. d4 cxd4 6. Nxd4 Bg7 7. Nb3 0-0 8. Nc3 e6 9. e4 Nxe4 10. Nxe4 dxe4 11. Qxd8 Rxd8 12. Bxe4 Nc6 13. c3 e5 14. Bg2 Be6 15. Nc5 Bd5 16. Nxb7 Bxg2 17. Nxd8 Bxf1 18. Nxc6 Bh3 19. Be3 a5 20. Rd1 Be6 21. b3 a4 22. c4 Kf8 23. Rd8+ Rxd8 24. Nxd8 Bf5 25. b4 Be4 26. b5 Ke7 27. Bb6 Bd3 28. Nc6+ Kd7 29. Na5 e4 30. Ba7 Bc3 31. Nb7 Bxc4 32. Nc5+ Kc8 33. Nxa4 Ba5 34. Bb6 Bxb5 35. Bxa5 Bxa4 36. g4 h5 37. gxh5 gxh5 38. Kg2 Bd1 39. Kg3 Kb7 40. Kf4 Bf3 41. Bd8 Ka6 42. a4 Kb7 43. Ke5 Ka6 44. Kf6 Kb7 45. Kxf7 Ka6 46. Ke6 Kb7 47. Kd6 Ka6 48. Kc5 Bd1 49. Kd4 Bf3 50. Bc7 Kb7 51. Ba5 Ka6 52. Bd2 Kb6 53. Kc4 Bd1 54. Kb4 Ka6 55. Be3 Be2 56. Bd2 Bd1 57. a5 Bf3 58. Kc5 Bh1 59. Kd4 Bf3 60. h4 1/2-1/2

[Event "AUT-chT2W 2324"]
[Site "Austria"]
[Date "2023.11.12"]
[Round "5.1"]
[White "Neukirchner, Pascal"]
[Black "Amann, Harald"]
[Result "1-0"]
[WhiteElo "2265"]
[BlackElo "1894"]
[PlyCount "69"]
[EventDate "2023.09.29"]
[EventType "team-tourn"]
[EventRounds "11"]
[EventCountry "AUT"]
[SourceTitle "EXT 2025"]
[Source "ChessBase"]
[SourceDate "2024.10.14"]
[SourceVersion "1"]
[SourceVersionDate "2024.10.14"]
[SourceQuality "1"]
[WhiteTeam "Schwarzach"]
[BlackTeam "Bregenz"]
[WhiteTeamCountry "AUT"]
[BlackTeamCountry "AUT"]

1. Nf3 Nf6 2. g3 d5 3. Bg2 e6 4. 0-0 Be7 5. d3 0-0 6. Nbd2 c6 7. e4 b6 8. e5 Nfd7 9. d4 c5 10. c3 Nc6 11. Re1 cxd4 12. cxd4 Ba6 13. a3 Bd3 14. Nb1 Bg6 15. Nc3 a6 16. Ne2 b5 17. Nf4 Be4 18. Be3 Nb6 19. b3 Qd7 20. Bf1 Rfc8 21. Nd2 Bg6 22. h4 Na5 23. Ra2 Rc3 24. h5 Be4 25. f3 Bxf3 26. Nxf3 Nxb3 27. Bd3 Nc4 28. Rc2 Rxc2 29. Qxc2 Nba5 30. Bxh7+ Kh8 31. Bg6 Nxa3 32. Qh2 Bb4 33. Ng5 fxg6 34. hxg6+ Kg8 35. Nfxe6 1-0

[Event "AUT-chT2W 2324"]
[Site "Austria"]
[Date "2023.09.30"]
[Round "2.3"]
[White "Gaertner, Markus"]
[Black "Neukirchner, Pascal"]
[Result "0-1"]
[WhiteElo "2110"]
[BlackElo "2265"]
[PlyCount "60"]
[EventDate "2023.09.29"]
[EventType "team-tourn"]
[EventRounds "11"]
[EventCountry "AUT"]
[SourceTitle "CBM 216 Extra"]
[Source "ChessBase"]
[SourceDate "2023.11.30"]
[SourceVersion "1"]
[SourceVersionDate "2023.11.30"]
[SourceQuality "1"]
[WhiteTeam "Salzburg ASK"]
[BlackTeam "Schwarzach"]
[WhiteTeamCountry "AUT"]
[BlackTeamCountry "AUT"]

1. d4 Nf6 2. c4 c5 3. d5 b5 4. cxb5 a6 5. f3 e6 6. e4 exd5 7. e5 Qe7 8. Qe2 Ng8 9. Nc3 Bb7 10. Nh3 c4 11. Nf4 Qc5 12. Nfxd5 Bxd5 13. Be3 Qb4 14. a3 Qa5 15. Bd2 Be6 16. Nd5 c3 17. Bxc3 Qd8 18. Qe4 Ra7 19. Bd4 axb5 20. Bxa7 Qa5+ 21. Nc3 Qxa7 22. Nxb5 Qb6 23. Qa8 Bc5 24. 0-0-0 Ne7 25. Nd6+ Bxd6 26. Rxd6 Qe3+ 27. Kb1 Qe1+ 28. Kc2 0-0 29. f4 Rc8+ 30. Kd3 Bf5+ 0-1

[Event "Wiesbaden op 32nd"]
[Site "Wiesbaden"]
[Date "2023.08.27"]
[Round "7"]
[White "Barbanera, Fabrizio"]
[Black "Neukirchner, Pascal"]
[Result "0-1"]
[WhiteElo "2101"]
[BlackElo "2279"]
[PlyCount "120"]
[EventDate "2023.08.24"]
[EventType "swiss"]
[EventRounds "7"]
[EventCountry "GER"]
[SourceTitle "CBM 216 Extra"]
[Source "ChessBase"]
[SourceDate "2023.11.30"]
[SourceVersion "1"]
[SourceVersionDate "2023.11.30"]
[SourceQuality "1"]

1. e4 c5 2. c3 d5 3. exd5 Qxd5 4. d4 g6 5. Nf3 Bg7 6. Na3 cxd4 7. Bc4 Qe4+ 8. Be3 Nh6 9. cxd4 0-0 10. 0-0 Nf5 11. Qb3 e6 12. Rae1 Nxe3 13. Rxe3 Qf4 14. d5 exd5 15. Bxd5 Nc6 16. Nc4 Rb8 17. Rd1 Be6 18. Bxe6 fxe6 19. Red3 Kh8 20. R3d2 e5 21. Ne3 Nd4 22. Nxd4 exd4 23. Nc2 Rbd8 24. g3 Qf5 25. Qd3 Qf7 26. a3 Rd6 27. Re2 Re8 28. Rxe8+ Qxe8 29. Re1 Re6 30. Kf1 h5 31. Rxe6 Qxe6 32. Ne1 Qc6 33. f3 Kh7 34. Qe4 Qc1 35. Qe2 d3 36. Qxd3 Qxb2 37. Nc2 a5 38. a4 Qa2 39. Qe4 b5 40. axb5 Qb1+ 41. Kg2 Qxb5 42. Ne3 Qb2+ 43. Kh3 Qe5 44. Qxe5 Bxe5 45. f4 Bd4 46. Nc2 Bc5 47. g4 a4 48. Kh4 Kh6 49. Kg3 Kg7 50. Kh4 Be7+ 51. Kg3 Kf6 52. Kf3 Bc5 53. h3 h4 54. Ke4 Ke6 55. Nd4+ Bxd4 56. Kxd4 a3 57. Kc3 Kd5 58. Kb3 Ke4 59. f5 gxf5 60. g5 Ke5 0-1

[Event "Wiesbaden op 32nd"]
[Site "Wiesbaden"]
[Date "2023.08.26"]
[Round "5"]
[White "Sydykov, Bayastan"]
[Black "Neukirchner, Pascal"]
[Result "0-1"]
[WhiteElo "1940"]
[BlackElo "2279"]
[PlyCount "86"]
[EventDate "2023.08.24"]
[EventType "swiss"]
[EventRounds "7"]
[EventCountry "GER"]
[SourceTitle "CBM 216 Extra"]
[Source "ChessBase"]
[SourceDate "2023.11.30"]
[SourceVersion "1"]
[SourceVersionDate "2023.11.30"]
[SourceQuality "1"]

1. e4 c5 2. Nf3 Nc6 3. d4 cxd4 4. Nxd4 g6 5. c4 Bg7 6. Be3 Qb6 7. Nb3 Qd8 8. Nd4 Qb6 9. Nb3 Qc7 10. Nc3 Bxc3+ 11. bxc3 Nf6 12. f3 0-0 13. Be2 b6 14. 0-0 d6 15. Bd4 Ne5 16. f4 Nxc4 17. Bxf6 exf6 18. Qd4 b5 19. Qxf6 Bb7 20. Bd3 Rae8 21. Rfe1 a6 22. Re2 Re6 23. Qh4 Na5 24. Nd4 Ree8 25. Rc1 Qe7 26. Qh6 Qf6 27. Nf5 Bc8 28. g4 Bxf5 29. gxf5 Nc4 30. Rg2 Kh8 31. fxg6 fxg6 32. Rg4 Ne5 33. fxe5 Qf2+ 34. Kh1 Qf3+ 35. Rg2 Qxd3 36. Rxg6 Qxe4+ 37. Rg2 Qxe5 38. h3 Rg8 39. Rcg1 Rxg2 40. Rxg2 Qxc3 41. Qh5 Re1+ 42. Rg1 Qc6+ 43. Kh2 Rxg1 0-1